Disaster management / (Record no. 13366)
[ view plain ]
| 000 -LEADER | |
|---|---|
| fixed length control field | 00377cam a2200145ua 4500 |
| 041 ## - LANGUAGE CODE | |
| Language code of text/sound track or separate title | eng |
| 082 ## - DEWEY DECIMAL CLASSIFICATION NUMBER | |
| Classification number | 658.477 |
| Item number | GUP/DI |
| 100 ## - MAIN ENTRY--AUTHOR NAME | |
| Personal name | Gupta, Harsh K . |
| 245 00 - TITLE STATEMENT | |
| Title | Disaster management / |
| 260 ## - PUBLICATION, DISTRIBUTION, ETC. (IMPRINT) | |
| Place of publication | Hyderabad : |
| Name of publisher | Universities press India Pvt Ltd , |
| Year of publication | 2004. |
| 300 ## - PHYSICAL DESCRIPTION | |
| Number of Pages | 161 ; . |
| 942 ## - ADDED ENTRY ELEMENTS (KOHA) | |
| Koha item type | Books |
| Withdrawn status | Lost status | Damaged status | Home library | Current library | Date acquired | Full call number | Accession Number | Koha item type |
|---|---|---|---|---|---|---|---|---|
| KAUAET | KAUAET | 07/04/2012 | 658.477 GUP/DI | 21704 | Books |
